000 00350nam a22001457a 4500
020 _a9781843112556
082 _a343.0968
_bHIL
100 _aHill, Christopher
245 _aMaritime Law /
_cChristopher Hill
250 _a6th Edition.
260 _aAbingdon :
_bRoutledge,
_c2014.
300 _a587 p.
563 _aHB.
942 _2ddc
_cBK
999 _c613633
_d613633